The anthropology of globalization. A reader /
Este texto es una introducción a los procesos de cambio global, enfocandose simultáneamente en procesos de larga escala donde varias culturas han iniciado su creciente interconectividad, y las vías de cómo las personas alrededor del mundo establecen caminos culturalmente específicos ante la globaliz...
में बचाया:
| मुख्य लेखक: | |
|---|---|
| अन्य लेखक: | |
| स्वरूप: | अज्ञात |
| भाषा: | Spanish |
| प्रकाशित: |
Massachusetts :
Blackwell Publishing,
|
| विषय: | |
| टैग: |
टैग जोड़ें
कोई टैग नहीं, इस रिकॉर्ड को टैग करने वाले पहले व्यक्ति बनें!
|
MARC
| LEADER | 00000 a2200000 04500 | ||
|---|---|---|---|
| 001 | 40155 | ||
| 003 | |||
| 008 | 991231s 2008mau spa d | ||
| 040 | |||
| 020 | |a 978-1-4051-3612-9 | ||
| 090 | |a 0004 I38a | ||
| 100 | |a Inda, Jonathan Javier, editor | ||
| 245 | |a The anthropology of globalization. A reader / |c Jonathan Xavier Inda; Renato Rosaldo, editores | ||
| 260 | |a Massachusetts : |b Blackwell Publishing, | ||
| 300 | |a 481 páginas | ||
| 500 | |a Colección Cambio Social donada por Paul Almeida | ||
| 520 | |a Este texto es una introducción a los procesos de cambio global, enfocandose simultáneamente en procesos de larga escala donde varias culturas han iniciado su creciente interconectividad, y las vías de cómo las personas alrededor del mundo establecen caminos culturalmente específicos ante la globalización. | ||
| 590 | |a DISEMINAR072010/RRA/SETIEMBRE201 | ||
| 650 | |a GLOBALIZACION | ||
| 650 | |a CAMBIO CULTURAL | ||
| 650 | |a CAMBIO SOCIAL | ||
| 650 | |a ANTROPOLOGIA SOCIAL CULTURAL | ||
| 650 | |a RELACIONES CULTURALES | ||
| 650 | |a COMPORTAMIENTO SOCIAL | ||
| 700 | |a Rosaldo, Renato, editor | ||
| 999 | |c 14773 |d 14773 | ||



